Historia del teatro europeo (Record no. 34545)

MARC details
000 -LEADER
campo de control de longitud fija 00665nam a2200193 i 4500
001 - NÚMERO DE CONTROL
campo de control 34545
003 - IDENTIFICADOR DE NÚMERO DE CONTROL
campo de control ES-MaACL
005 - FECHA Y HORA DE LA ÚLTIMA TRANSACCIÓN
campo de control 20250824030825.0
007 - CAMPO FIJO DE DESCRIPCIÓN FÍSICA--INFORMACIÓN GENERAL
campo de control de longitud fija t|
008 - DATOS DE LONGITUD FIJA--INFORMACIÓN GENERAL
campo de control de longitud fija 030207s1947 ag ||||1| spa d
100 1# - ENTRADA PRINCIPAL--NOMBRE DE PERSONA
Nombre de persona Boiadezhiev, G. N.
9 (RLIN) 29841
245 10 - MENCIÓN DEL TÍTULO
Título Historia del teatro europeo
Resto del título : (desdes sus orígenes hasta 1789) /
Mención de responsabilidad, etc. G.N. Boiadzhiev y A. Dzhivelegov ; [traducción de Sergio Belaieff].
260 ## - PUBLICACIÓN, DISTRIBUCIÓN, ETC.
Lugar de publicación, distribución, etc. Buenos Aires :
Nombre del editor, distribuidor, etc. Futuro,
Fecha de publicación, distribución, etc. [1947] (
Fabricante Universo)
300 ## - DESCRIPCIÓN FÍSICA
Extensión 518 p., 28 lám. ;
Dimensiones 24 cm.
650 #7 - PUNTO DE ACCESO ADICIONAL DE MATERIA--TÉRMINO DE MATERIA
Término de materia o nombre geográfico como elemento de entrada Teatro europeo
Fuente del encabezamiento o término embne
9 (RLIN) 160479
700 1# - ENTRADA AGREGADA--NOMBRE PERSONAL
Nombre de persona Belaieff, Sergio.
9 (RLIN) 27113
852 ## - LOCALIZACIÓN
Ubicación ES-MaACL
Número de control de estantería B-2199
Sublocalización o colección R.28728
Holdings
Estatus retirado Estado de pérdida Estado de daño No para préstamo Biblioteca de origen Biblioteca actual Ubicación en estantería Fecha de adquisición Fuente de adquisición Total de préstamos Signatura topográfica completa Código de barras Visto por última vez Precio de reemplazo Tipo de ítem Koha
        Biblioteca del Ateneo de Madrid Biblioteca del Ateneo de Madrid Sala Pardo Bazán 17/01/2008     B-2199 1036032 23/02/2023 23/02/2023 Libro impreso